000 00395nam a2200157Ia 4500
008 221030s9999 xx 000 0 und d
020 _a8121919592
041 _aEnglish
082 _a105.23
_bVas
100 _aA. S. Vasudeva
245 0 _aEssentials of Engineering Physics
_cby A. S. Vasudeva
260 _bS. Chand & Co
_aNew Delhi
_c2000
300 _a442
650 _aPhysics
942 _cBK
999 _c3127
_d3127